Jamiroquai Charting Songs (Billboard Club Play) - Statistics

General Stats
  • This quiz has been taken 46 times
  • The average score is 8 of 16
Answer Stats
Album Weeks On Peak Artist(s) Song % Correct
Travelling Without Moving 7 Weeks #34 Jamiroquai Virtual Insanity
90%
The Return of the Space Cowboy 13 Weeks #1 (1 Week) Jamiroquai Space Cowboy
80%
Synkronized 15 Weeks #1 (1 Week) Jamiroquai Canned Heat
78%
A Funk Odyssey 14 Weeks #2 Jamiroquai Little L
78%
Travelling Without Moving 15 Weeks #7 Jamiroquai Cosmic Girl
76%
Travelling Without Moving 13 Weeks #7 Jamiroquai Alright
56%
Godzilla 9 Weeks #22 Jamiroquai Deeper Underground
51%
Emergency on Planet Earth 13 Weeks #4 Jamiroquai Emergency on Planet Earth
46%
A Funk Odyssey 15 Weeks #2 Jamiroquai You Give Me Something
46%
Travelling Without Moving 12 Weeks #9 Jamiroquai High Times
39%
High Times: Singles 1992–2006 19 Weeks #1 (1 Week) Jamiroquai Runaway
34%
Rock Dust Light Star 11 Weeks #7 Jamiroquai White Knuckle Ride
24%
Dynamite 12 Weeks #1 (1 Week) Jamiroquai Feels Just Like It Should
20%
The Return of the Space Cowboy 14 Weeks #6 Jamiroquai Light Years
20%
Synkronized 14 Weeks #1 (1 Week) Jamiroquai Supersonic
20%
In Store Jam and The Hits: Reloaded 13 Weeks #5 Kool & The Gang ft. Jamiroquai Hollywood Swingin'
17%
No matching quizzes found
Score Distribution
Percent of People with Each Score
Percentile by Number Answered
Your Score History
You have not taken this quiz